The domination of strangers: modern governance in eastern India, 1780-1835, 2008
| Main Author: | |
|---|---|
| Format: | Unknown |
| Published: |
Palgrave Macmillan
|
| LEADER | 00247 a2200085 4500 | ||
|---|---|---|---|
| 020 | |a 9780230279155 | ||
| 100 | |a Jon E. Wilson | ||
| 245 | |a The domination of strangers: modern governance in eastern India, 1780-1835, 2008 | ||
| 260 | |b Palgrave Macmillan | ||
| 999 | |c 42221 |d 42221 | ||